000 00658nam a2200193 a 4500
003 PILC
005 20150112093442.0
008 100726s19uu xx 00 eng d
020 _a9715502415
050 _aHM 134
_b.Or77 1999
082 _aSFf 302.14
_bOr8 1999
100 _aOrtigas, Carmela D.
_919772
245 _aGroup process and the inductive method :
_bTheory and practice in the Philippines /
_cCarmela D. Ortigas
260 _aQuezon City, Philippines :
_bAteneo De Manila University Press,
_c1999.
300 _a186 pages :
_c22 cm.
650 _aGroup relations training
_914305
650 _aGroup work in education
_919773
942 _2lcc
_cBK
999 _c14783
_d14783